Welcome to CU Library Online Public Access Catalogue (OPAC)

A practical approach to family law / (Record no. 3541)

MARC details
000 -LEADER
fixed length control field 00617nam a2200205 a 4500
001 - CONTROL NUMBER
control field 538946
005 - DATE AND TIME OF LATEST TRANSACTION
control field 20250207113434.0
008 - FIXED-LENGTH DATA ELEMENTS--GENERAL INFORMATION
fixed length control field 870602s1986 enkk 001 0 eng
020 ## - INTERNATIONAL STANDARD BOOK NUMBER
International Standard Book Number 0906322707 (pbk.) :
Terms of availability £12.95
050 00 - LIBRARY OF CONGRESS CALL NUMBER
Classification number KD750
Item number .B58 1986
082 00 - DEWEY DECIMAL CLASSIFICATION NUMBER
Classification number 346.4101/5
-- 344.10615
Edition information 19
100 1# - MAIN ENTRY--PERSONAL NAME
Personal name Black, Jill M.
245 12 - TITLE STATEMENT
Title A practical approach to family law /
Statement of responsibility, etc. Jill M. Black.
260 ## - PUBLICATION, DISTRIBUTION, ETC.
Place of publication, distribution, etc. London :
Name of publisher, distributor, etc. Financial Training,
Date of publication, distribution, etc. 1986.
300 ## - PHYSICAL DESCRIPTION
Extent xxii, 417 p. :
Other physical details forms ;
Dimensions 22 cm.
500 ## - GENERAL NOTE
General note Includes indexes.
650 #0 - SUBJECT ADDED ENTRY--TOPICAL TERM
Topical term or geographic name entry element Domestic relations
Geographic subdivision Great Britain.
700 ## - ADDED ENTRY--PERSONAL NAME
Personal name Black M. Jill
942 ## - ADDED ENTRY ELEMENTS (KOHA)
Source of classification or shelving scheme Library of Congress Classification
Koha item type Books
Suppress in OPAC No
999 ## -
-- 3541
-- 3541
Holdings
Withdrawn status Lost status Source of classification or shelving scheme Damaged status Not for loan Collection Home library Current library Shelving location Date acquired Total checkouts Full call number Barcode Date last seen Price effective from Koha item type
    Library of Congress Classification     Non-fiction Law Library (Kumasi) Law Library (Kumasi) General stacks 02/07/2025   KD 750.B58 llk00000059 02/07/2025 02/07/2025 Books
© 2023-2024 Copyright: Central University Libraries. All Rights Reserved | Created by: Mahone Tech Office